Influencia da adubação com nitrogênio e fósforo na produção de Jambu, Acmella oleracea (L) R.K. Jansen (Registro n. 299328)
[ somente texto ]
| 000 -LÍDER | |
|---|---|
| fixed length control field | 03620nab a2200289 i 4500 |
| 003 - CÓDIGO MARC DA AGÊNCIA CATALOGADORA | |
| Campo de controle | BR-BrBNA |
| 005 - DATA E HORA DA ÚLTIMA ATUALIZAÇÃO | |
| Campo de controle | 20240425124115.0 |
| 008 - CAMPO DE TAMANHO FIXO | |
| fixed length control field | 240425b2014 bl.qr|pooa||| 00| 0 por | |
| 040 ## - FONTE DA CATALOGAÇÃO | |
| Agência catalogadora | BR-BrBNA |
| Idioma da catalogação | por |
| 072 ## - CATEGORIA AGRIS | |
| Código AGRIS | F04 |
| 100 ## - ENTRADA PRINCIPAL - NOME PESSOAL | |
| Nome pessoal | Rodrigues, D.S. |
| 100 ## - ENTRADA PRINCIPAL - NOME PESSOAL | |
| Nome pessoal | Camargo, M.S. |
| 100 ## - ENTRADA PRINCIPAL - NOME PESSOAL | |
| Nome pessoal | Nomura, E.S. |
| 100 ## - ENTRADA PRINCIPAL - NOME PESSOAL | |
| Nome pessoal | Garcia, V.A. |
| 100 ## - ENTRADA PRINCIPAL - NOME PESSOAL | |
| Nome pessoal | Correa, J.N. |
| 100 ## - ENTRADA PRINCIPAL - NOME PESSOAL | |
| Nome pessoal | Vidal, T.C.M. |
| 245 ## - TÍTULO PRINCIPAL | |
| Título principal | Influencia da adubação com nitrogênio e fósforo na produção de Jambu, Acmella oleracea (L) R.K. Jansen |
| 500 ## - NOTA GERAL | |
| Nota geral | Publicação on-line; 23 ref.; 2 illus.; Summaries (En, Pt) |
| 942 ## - ADDED ENTRY ELEMENTS (KOHA) | |
| Koha item type | |
| 520 ## - NOTA DE RESUMO | |
| Nota de conteúdo | <br/><br/>RESUMO: <br/><br/>Com o objetivo de avaliar a influência de doses de nitrogênio e fósforo na cultura<br/>do Jambu, foi instalado experimento na fazenda experimental da APTA Polo Vale do Ribeira<br/>utilizando-se sementes da cultivar Nazaré. Os tratamentos foram conduzidos em blocos<br/>casualizados em esquema fatorial 4 x 4, e quatro repetições dos seguintes tratamentos:<br/>quatro doses de nitrogênio, (0; 37,5; 75 e 112,5 kg ha-1 N), quatro doses de fósforo (0; 75;<br/>150 e 300 Kg ha-1 de P2O5). O solo foi inicialmente preparado recebendo calagem e adubação<br/>de plantio conforme recomendação em função da analise de solo. Após essas operações foi<br/>feito o transplante das mudas no espaçamento de 0,50 x 0,50 m e aplicado os tratamentos.<br/>A área útil da parcela foi de 1,0 m x 1,0 m. Foram analisadas as massas frescas e secas de<br/>folhas e flores, e o número de flores. A produção de matéria fresca e seca das folhas e flores<br/>foi influenciada pela adubação. Houve efeito das doses de nitrogênio, que proporcionaram<br/>aumento linear em todas as variáveis analisadas e, para a adubação fosfatada, a dose com<br/>75 Kg ha-1 de P2O5 proporcionou a maior produção do número de flores e na massa fresca e<br/>seca das flores.<br/><br/>Palavras-chave: (Acmella oleracea (L) R.K. Jansen) adubação, plantas medicinais |
| 520 ## - NOTA DE RESUMO | |
| Nota de conteúdo | <br/><br/>ABSTRACT: <br/><br/>Influence of the fertilization with nitrogen and phosphorus in the production<br/>of jambu (Acmella oleracea (L) R.K. Jansen). The objective of this work was to evaluate the<br/>influence of the use of nitrogen and phosphorus in the culture of jambu. The experiment was<br/>initiated at the experimental farm of the agency APTA Polo Vale do Ribeira, using the Nazaré<br/>cultivar. The experimental design was complete randomized with fourlevelsof nitrogen (0, 37.5, 75<br/>and 112.5 kg ha-1 N) and phosphorus (0, 75, 150 and 300 Kg ha-1P2 O5),and four reapplications. <br/>After soil preparation, liming and fertilization, seedlings of jambu were transplanted at a spacing<br/>of 0.50 x 0.5 m. The experimental plot was 1.0 x 1.0 m. Fresh and dry mass of leaves and flowers<br/>and number of flowers were analyzed. The production of fresh and dry leaves and flowers were<br/>influenced by fertilization. Thelevelsof nitrogen affected the outcome, as theyprovided a linear<br/>increase in all variables, and the phosphorus level of 75 kgha-1 P2 O5 caused the highest average <br/>production in the number of flowers and in the fresh and dried mass of flowers.<br/><br/>Keywords: (Acmella oleracea (L) R.K. Jansen), fertilizer, medicinal plants. |
| 650 ## - ASSUNTO - THESAGRO | |
| Cabeçalho tópico ou nome geográfico | ADUBAÇÃO |
| 650 ## - ASSUNTO - THESAGRO | |
| Cabeçalho tópico ou nome geográfico | PLANTA MEDICINAL |
| 773 0# - ENTRADA ANALÍTICA | |
| Host Biblionumber | 3543 |
| Registro do item | 314768 |
| Imprenta | Botucatu-SP Instituto de Biociências - Departamento de Química e Bioquímica 1998 |
| Outro identificador | 2024-1020 |
| Título | Revista Brasileira de Plantas Medicinais (Brazil) |
| ISSN | 1516-0572 |
| Colação | v. 16(1) p. 71-76; (2014) |
| Número de controle de registro | BR2024000694 |
| 856 ## - ACESSO E ENDEREÇO ELETRÔNICO | |
| Identificador uniforme de recurso - URI | https://www.scielo.br/j/rbpm/a/8M54TPq3qHPjdWqLZmJYx9G/?format=pdf&lang=pt |
Nenhum exemplar disponível.

BINAGRI